CZĘŚCI UBIORU CZŁOWIEKA: - Statystyki

Ogólne statystyki
  • Ten quiz został rozwiązany 96 razy
  • Średni wynik to 5 z 6
Statystyki odpowiedzi
Odpowiedź % Poprawnych
SPODNIE
99%
KOSZULKA
85%
BUTY
83%
BLUZA
82%
CZAPKA
82%
BIELIZNA
57%
Nie znaleziono quizów pasujących do podanych kryteriów
Rozkład punktacji
Procent ludzi z każdym wynikiem
Percentyl według liczby udzielonych odpowiedzi
Twoja historia wyników
Nie rozwiązałeś tego quizu